1980 1072 1576 1269 1110 1979 1564 1970 1409 1862 1881 1967 1455 1441 1781 1122 1343 1527 1120 1837 1294 1336 1405 1098 1086 1726 1718 1076 1701 1421 1884 1241 1738 1145 1565 1090 1797 1717 1732 1014 1777 1786 1432 1668 1380 1614 1632 1491 1624 1229 1619 1046 1747 1617 1580 1297 1372 1852 1946 1937 1609 1591 1404 1611 1719 1216 1160 1754 1026 1385 1003 1964 1766 1179 1335 1037 1665 1185 1710 1097 1636 1767 1576 1703 1893 1210 1770 1270 1990 1246 1565 1269 1911 1299 1250 1049 1710 1683 1337 BCNSPRNW ULIB Ver.6.0+V

เปลี่ยนเป็นภาษาไทย

Change to English
 แสดงรายละเอียดบรรณานุกรม
  กลับหน้าหลัก

Brief Record : Get Marc (ISO 2709) : E-mail record : QR code < ปิดหน้าต่าง
LEADER : 00000nam 2200000uu 4500
001    13399115000
003     ULIB
008    120627s2552||||th 000 0 tha d
020    ^a9786110600828
090    ^aนว.^bจ793จ 2552
100 0  ^aกระบี่หลงทิศ
245 00 ^aจอมลวงเจ้าเสน่ส์/^cเจี่ยนอิง
250    ^aพิมพ์ครั้งที่ 1
260    ^aกรุงเทพฯ :^bแจ่มใส,^c2552
300    ^a221 หน้า
945    ^p159^l0^i16171
995    ^aกัณชพร
999    ^aใช้งานได้ทุกระบบ
รายการนี้ยังไม่มีแท็ก
คุณยังไม่ได้ล็อกอิน คุณสามารถมีกิจกรรมร่วมกับเว็บไซต์ได้ แต่ต้องล็อกอินก่อน ::
  ล็อกอิน

รายการสื่อสารสนเทศ

ลำดับที่ ประเภท เลขเรียก/บาร์โค้ด สถานที่ สถานะ
1. นวนิยาย
นวนิยาย
นว. จ793จ 2552  
  Barcode: 16171
ห้องสมุดวิทยาเขตสวรรค์ประชารักษ์
►นวนิยาย
บนชั้น
  ขอยืม

รายการใกล้เคียง
    ผู้แต่ง [กระบี่หลงทิศ]

BibComment


ยังไม่เคยถูกคอมเมนท์

คอมเมนท์ทรัพยากรรายการนี้
  คอมเมนท์: จอมลวงเจ้าเสน่ส์..


 Copyright 2026. Bcnsprnw @Library